[Event "Wch U20 Girls 28th"]
[Site "Chotowa"]
[Date "2010.08.16"]
[Round "13"]
[White "Rysbayeva, Nazerke"]
[Black "Edes, Zsofia"]
[Result "1/2-1/2"]
[WhiteElo "2052"]
[BlackElo "2097"]
[PlyCount "73"]
[EventDate "2010.08.03"]
[EventType "swiss"]
[EventRounds "13"]
[EventCountry "POL"]
[SourceTitle "CBM 137 Extra"]
[Source "ChessBase"]
[SourceDate "2010.09.01"]
[SourceVersion "1"]
[SourceVersionDate "2010.09.01"]
[SourceQuality "1"]

1. d4 d5 2. c4 e6 3. Nc3 Nf6 4. Bg5 Nbd7 5. Nf3 c6 6. cxd5 exd5 7. e3 Be7 8. Bd3 0-0 9. Qc2 Re8 10. 0-0 Nf8 11. Rae1 g6 12. Ne5 Ne6 13. Bh4 Ng7 14. f3 Be6 15. Bf2 c5 16. Bb5 Rf8 17. dxc5 Bxc5 18. Rd1 Qb6 19. Qe2 a6 20. Ba4 Qc7 21. f4 b5 22. Bb3 Qb7 23. Bh4 Nge8 24. Kh1 b4 25. Nb1 Qa7 26. Rfe1 a5 27. a4 Qb7 28. Nd2 Ra6 29. Ndf3 h6 30. Nd4 Rd6 31. Nb5 Rd8 32. Qc2 Bd6 33. Qe2 Bc5 34. Rc1 Bb6 35. Rcd1 Bc5 36. Qc2 Bb6 37. Qe2 1/2-1/2

[Event "Wch U20 Girls 28th"]
[Site "Chotowa"]
[Date "2010.08.10"]
[Round "7"]
[White "Semenova, Elena"]
[Black "Rysbayeva, Nazerke"]
[Result "1-0"]
[WhiteElo "2194"]
[BlackElo "2052"]
[PlyCount "130"]
[EventDate "2010.08.03"]
[EventType "swiss"]
[EventRounds "13"]
[EventCountry "POL"]
[SourceTitle "CBM 137 Extra"]
[Source "ChessBase"]
[SourceDate "2010.09.01"]
[SourceVersion "1"]
[SourceVersionDate "2010.09.01"]
[SourceQuality "1"]

1. e4 c6 2. d4 d5 3. exd5 cxd5 4. Bd3 Nc6 5. c3 Qc7 6. Ne2 Bg4 7. 0-0 e6 8. f3 Bh5 9. Bf4 Bd6 10. Bxd6 Qxd6 11. Na3 Nge7 12. Qd2 Bg6 13. Nf4 a6 14. Nc2 Bxd3 15. Nxd3 0-0 16. Rae1 Rac8 17. Qg5 Ng6 18. Nc5 Rc7 19. f4 Nce7 20. Ne3 a5 21. h4 h6 22. Qg3 Nc6 23. Ng4 Kh8 24. Ne5 Nge7 25. Qf3 b6 26. Ncd3 Nd8 27. h5 f6 28. Ng6+ Nxg6 29. hxg6 Qc6 30. g4 a4 31. a3 Re8 32. f5 Rce7 33. g5 exf5 34. Rxe7 Rxe7 35. Qxf5 Qe6 36. gxf6 gxf6 37. Qxf6+ Qxf6 38. Rxf6 Ne6 39. Ne5 Kg7 40. Rf5 Ng5 41. Kg2 Ne4 42. Nd3 Nf6 43. Nf4 Re1 44. Re5 Re4 45. Kf3 h5 46. Rf5 Re1 47. Nxh5+ Nxh5 48. Rxh5 Rb1 49. Rxd5 Rxb2 50. c4 Rc2 51. c5 bxc5 52. Rxc5 Ra2 53. Rc3 Kxg6 54. Ke4 Kf6 55. Kd5 Ke7 56. Kc6 Rh2 57. d5 Rh6+ 58. Kc7 Ke8 59. Re3+ Kf7 60. d6 Rh1 61. Rc3 Ke6 62. d7 Rh7 63. Re3+ Kd5 64. Kc8 Kd4 65. Rg3 Rh8+ 1-0

[Event "Wch U20 Girls 28th"]
[Site "Chotowa"]
[Date "2010.08.03"]
[Round "1"]
[White "Ozturk Orenli, Kubra"]
[Black "Rysbayeva, Nazerke"]
[Result "0-1"]
[WhiteElo "2286"]
[BlackElo "2052"]
[PlyCount "88"]
[EventDate "2010.08.03"]
[EventType "swiss"]
[EventRounds "13"]
[EventCountry "POL"]
[SourceTitle "CBM 137 Extra"]
[Source "ChessBase"]
[SourceDate "2010.09.01"]
[SourceVersion "1"]
[SourceVersionDate "2010.09.01"]
[SourceQuality "1"]

1. d4 Nf6 2. c4 e6 3. Nf3 b6 4. g3 Bb7 5. Bg2 Be7 6. 0-0 0-0 7. Nc3 Ne4 8. d5 Nxc3 9. bxc3 Bf6 10. Bb2 Na6 11. e4 d6 12. Qc2 Nc5 13. Rfe1 Re8 14. Nd4 e5 15. Nf5 Bc8 16. Ne3 Bg5 17. Bc1 Qd7 18. h4 Bxe3 19. Bxe3 Ba6 20. Bf1 Qa4 21. Qxa4 Nxa4 22. c5 Bxf1 23. cxd6 Bh3 24. dxc7 Nxc3 25. f3 Bd7 26. Rac1 Nb5 27. f4 f6 28. fxe5 fxe5 29. a4 Nd6 30. a5 bxa5 31. Bc5 Nb5 32. d6 a4 33. Re3 a6 34. Rf1 Rf8 35. Ref3 Rxf3 36. Rxf3 a3 37. Rf2 Be6 38. Kh2 a2 39. Rf1 Nc3 40. Ba3 Nxe4 41. Re1 Nd2 42. Rd1 e4 43. Bc5 Bd7 44. Bb4 e3 0-1

[Event "Lipetsk King's Gambit-B"]
[Site "Lipetsk"]
[Date "2009.07.01"]
[Round "9"]
[White "Rysbayeva, Nazerke"]
[Black "Bezgodova, Svetlana"]
[Result "0-1"]
[WhiteElo "2106"]
[BlackElo "2198"]
[PlyCount "110"]
[EventDate "2009.06.23"]
[EventType "tourn"]
[EventRounds "11"]
[EventCountry "RUS"]
[EventCategory "1"]
[SourceTitle "CBM 131 Extra"]
[Source "ChessBase"]
[SourceDate "2009.09.03"]
[SourceVersion "2"]
[SourceVersionDate "2009.09.16"]
[SourceQuality "1"]

1. e4 e5 2. Nf3 Nc6 3. Nc3 Nf6 4. d4 exd4 5. Nxd4 Bb4 6. Nxc6 bxc6 7. Bd3 d5 8. exd5 cxd5 9. 0-0 0-0 10. Bg5 c6 11. Qf3 Re8 12. Bxf6 Qxf6 13. Qxf6 gxf6 14. Ne2 Bg4 15. Ng3 Re5 16. c3 Bc5 17. h3 Bd7 18. Rfe1 Rae8 19. Kf1 a5 20. Rad1 Rb8 21. b3 Ba3 22. Bc2 Be6 23. f4 Rxe1+ 24. Rxe1 Bb2 25. Ne2 Re8 26. Rb1 Ba3 27. Ng3 Bc8 28. Nh5 Ba6+ 29. c4 dxc4 30. Nxf6+ Kf8 31. Kg1 Re2 32. Bf5 c3 33. Nd7+ Kg7 34. Rd1 c2 35. Bxc2 Rxc2 36. Kh2 Bc1 37. Rd4 Bf1 38. f5 h5 39. f6+ Kg6 40. Kg3 Rxg2+ 41. Kf3 Rc2 42. h4 Bg2+ 43. Kg3 Bd5 44. Ne5+ Kxf6 45. Nd3 Ba3 46. Rf4+ Kg7 47. Ne1 Rxa2 48. b4 Bxb4 49. Nf3 Bd6 50. Nd4 Bxf4+ 51. Kxf4 Ra4 52. Ke5 f6+ 53. Kd6 Rxd4 54. Ke7 Bc4 55. Ke8 f5 0-1

[Event "Lipetsk King's Gambit-B"]
[Site "Lipetsk"]
[Date "2009.06.30"]
[Round "8"]
[White "Morev, Ivan"]
[Black "Rysbayeva, Nazerke"]
[Result "1-0"]
[WhiteElo "2266"]
[BlackElo "2106"]
[PlyCount "110"]
[EventDate "2009.06.23"]
[EventType "tourn"]
[EventRounds "11"]
[EventCountry "RUS"]
[EventCategory "1"]
[SourceTitle "CBM 131 Extra"]
[Source "ChessBase"]
[SourceDate "2009.09.03"]
[SourceVersion "2"]
[SourceVersionDate "2009.09.16"]
[SourceQuality "1"]

1. e4 c6 2. d4 d5 3. e5 Bf5 4. Nf3 e6 5. Be2 Nd7 6. 0-0 c5 7. c3 Ne7 8. dxc5 Nc6 9. b4 Ncxe5 10. Nd4 Bg6 11. f4 Nc6 12. Bb5 Nxd4 13. cxd4 a6 14. Bd3 Qf6 15. Be3 Be7 16. Nc3 Bxd3 17. Qxd3 0-0 18. Rf3 g6 19. Rb1 Rfb8 20. a4 Bd8 21. f5 Bc7 22. fxe6 Qxe6 23. Bf2 Nf8 24. Rf1 Re8 25. Bh4 f5 26. Qd2 Qd7 27. Qa2 Ne6 28. Nxd5 Bd8 29. Nf6+ Bxf6 30. Bxf6 Qf7 31. Be5 Rad8 32. Qf2 Qd7 33. Bd6 Qxa4 34. d5 Ng7 35. Qb2 Re4 36. Rb3 Rde8 37. Qa3 Qb5 38. Bg3 Nh5 39. d6 Re2 40. Rd3 Qc6 41. Qb3+ Kf8 42. Qd5 Qd7 43. Bh4 R2e4 44. Bg5 R8e6 45. Rh3 R4e5 46. Qd4 Kg8 47. Rhf3 Re4 48. Qc3 Rg4 49. Bc1 Nf6 50. Bb2 Kf8 51. Re3 Qc6 52. g3 Rge4 53. Rfe1 Ke8 54. Rxe4 Rxe4 55. Rxe4+ Qxe4 1-0

[Event "Lipetsk King's Gambit-B"]
[Site "Lipetsk"]
[Date "2009.06.28"]
[Round "6"]
[White "Lomako, Pavel"]
[Black "Rysbayeva, Nazerke"]
[Result "1-0"]
[WhiteElo "2417"]
[BlackElo "2106"]
[PlyCount "161"]
[EventDate "2009.06.23"]
[EventType "tourn"]
[EventRounds "11"]
[EventCountry "RUS"]
[EventCategory "1"]
[SourceTitle "CBM 131 Extra"]
[Source "ChessBase"]
[SourceDate "2009.09.03"]
[SourceVersion "2"]
[SourceVersionDate "2009.09.16"]
[SourceQuality "1"]

1. e4 c6 2. d4 d5 3. exd5 cxd5 4. Bd3 Nc6 5. c3 Qc7 6. Ne2 e6 7. Bf4 Bd6 8. Bxd6 Qxd6 9. 0-0 Nf6 10. Nd2 0-0 11. Nf3 Re8 12. Re1 e5 13. dxe5 Nxe5 14. Nxe5 Rxe5 15. Ng3 Rxe1+ 16. Qxe1 Bg4 17. h3 Be6 18. Qe3 b6 19. Bc2 Re8 20. Qd4 Bd7 21. Rd1 Qe5 22. Qxe5 Rxe5 23. f3 Kf8 24. Kf2 Bb5 25. Rd2 g6 26. Bb3 h6 27. Rd4 Bc6 28. Nf1 Re7 29. Ne3 Rd7 30. g4 g5 31. Nf5 Ng8 32. h4 f6 33. Rd1 a5 34. a3 gxh4 35. Nd4 Bb7 36. Rh1 Rh7 37. Rxh4 Ne7 38. Rh5 Ke8 39. Nf5 Nxf5 40. Rxf5 Ke7 41. Bxd5 Bc8 42. Rh5 Rh8 43. Be4 Bd7 44. Bg6 Bc6 45. Ke3 Kf8 46. Be4 Be8 47. Rd5 Ke7 48. Kd4 Bc6 49. Rh5 Be8 50. Rh2 Ke6 51. c4 Bd7 52. Rh5 Be8 53. Rd5 Ke7 54. Kc3 Bc6 55. Rd4 Bd7 56. Rd2 h5 57. gxh5 Rxh5 58. b4 axb4+ 59. axb4 Be6 60. Bd5 Bd7 61. Ra2 Rh1 62. Ra6 b5 63. c5 Rd1 64. Be4 f5 65. Bd3 Rc1+ 66. Kd2 Rh1 67. Rb6 Rh2+ 68. Ke3 Rb2 69. Bxb5 Rb3+ 70. Bd3 Be6 71. Kd4 Rb2 72. Ke5 Bd7 73. Bxf5 Re2+ 74. Be4 Ba4 75. c6 Re1 76. Rb7+ Kd8 77. Kd6 Rd1+ 78. Bd5 Kc8 79. Ra7 Bxc6 80. Kxc6 Rc1+ 81. Kd6 1-0

[Event "Voronezh op-B 13th"]
[Site "Voronezh"]
[Date "2009.06.16"]
[Round "5"]
[White "Rysbayeva, Nazerke"]
[Black "Zhukov, Viktor Andreevich"]
[Result "0-1"]
[WhiteElo "2106"]
[BlackElo "2191"]
[PlyCount "71"]
[EventDate "2009.06.12"]
[EventType "swiss"]
[EventRounds "9"]
[EventCountry "RUS"]
[SourceTitle "CBM 130 Extra"]
[Source "ChessBase"]
[SourceDate "2009.07.02"]
[SourceVersion "2"]
[SourceVersionDate "2009.07.15"]
[SourceQuality "1"]

1. d4 Nf6 2. c4 g6 3. Nc3 Bg7 4. e4 0-0 5. Nf3 d6 6. Be2 e5 7. 0-0 exd4 8. Nxd4 Re8 9. f3 Nh5 10. Nd5 c6 11. Ne3 Be5 12. g3 Bh3 13. Rf2 Nxg3 14. hxg3 Bxg3 15. Rg2 Qh4 16. Ng4 Nd7 17. Bg5 Qxg5 18. Rxg3 Bxg4 19. Rxg4 Qe3+ 20. Kg2 Nf6 21. Rh4 Re5 22. Kh1 Qf2 23. Rh3 Rh5 24. Bf1 c5 25. Ne2 Qxf3+ 26. Kg1 Rg5+ 27. Ng3 Rxg3+ 28. Rxg3 Qxg3+ 29. Bg2 Nxe4 30. Qd5 Re8 31. Rf1 Ng5 32. Qxb7 Re2 33. Kh1 Qe5 34. Qc8+ Kg7 35. Qb7 h5 36. Rd1 0-1

[Event "Voronezh op-A"]
[Site "Voronezh"]
[Date "2008.06.15"]
[Round "4"]
[White "Rysbayeva, Nazerke"]
[Black "Demidov, Mikhail"]
[Result "0-1"]
[WhiteElo "2119"]
[BlackElo "2321"]
[PlyCount "74"]
[EventDate "2008.06.12"]
[EventType "swiss"]
[EventRounds "9"]
[EventCountry "RUS"]
[SourceTitle "CBM 125 Extra"]
[Source "ChessBase"]
[SourceDate "2008.09.01"]
[SourceVersion "1"]
[SourceVersionDate "2008.09.01"]
[SourceQuality "1"]

1. e4 e6 2. d4 d5 3. Nd2 Nf6 4. e5 Nfd7 5. Bd3 c5 6. c3 Nc6 7. Ne2 cxd4 8. cxd4 f6 9. exf6 Nxf6 10. Nf3 Bd6 11. 0-0 0-0 12. Bf4 Bxf4 13. Nxf4 Ne4 14. Qc1 Qf6 15. Nh5 Qg6 16. Ng3 Nxg3 17. Qd1 Nf5 18. Bb5 Qf6 19. Bxc6 bxc6 20. Qa4 Bd7 21. Ne5 Be8 22. Qb4 Qe7 23. Qc3 Rc8 24. b4 Nd6 25. Qc5 Qc7 26. f3 Nf7 27. Rfe1 Nxe5 28. Rxe5 Qb6 29. Rxe6 Qxc5 30. bxc5 Rb8 31. a3 Bd7 32. Re7 Rf7 33. Re3 Rb2 34. Rd1 Kf8 35. Rde1 g6 36. h3 Rd2 37. Rb1 Rxd4 0-1

[Event "Voronezh op-A"]
[Site "Voronezh"]
[Date "2008.06.14"]
[Round "3"]
[White "Dmitriev, Igor"]
[Black "Rysbayeva, Nazerke"]
[Result "1/2-1/2"]
[WhiteElo "2376"]
[BlackElo "2119"]
[PlyCount "112"]
[EventDate "2008.06.12"]
[EventType "swiss"]
[EventRounds "9"]
[EventCountry "RUS"]
[SourceTitle "CBM 125 Extra"]
[Source "ChessBase"]
[SourceDate "2008.09.01"]
[SourceVersion "1"]
[SourceVersionDate "2008.09.01"]
[SourceQuality "1"]

1. d4 d5 2. Nf3 Nf6 3. g3 Bf5 4. Nh4 Be4 5. f3 Bg6 6. c4 c6 7. Nc3 e6 8. Qb3 Qc8 9. Bh3 Nbd7 10. cxd5 exd5 11. 0-0 Bd6 12. e4 Be7 13. Bg5 Qc7 14. exd5 0-0 15. dxc6 bxc6 16. Nf5 Bxf5 17. Bxf5 Rab8 18. Qc2 Bd6 19. b3 Qb6 20. Rad1 Rfe8 21. Kh1 h6 22. Bc1 Rbd8 23. Bxd7 Rxd7 24. Qf5 Qd8 25. Ne4 Be7 26. Be3 Rd5 27. Qh3 Bb4 28. Nxf6+ Qxf6 29. Bg1 Bc3 30. Qh4 Qf5 31. Qg4 Qc2 32. Rc1 Qb2 33. Rfd1 Qe2 34. Rf1 h5 35. Qh3 Qb2 36. Rfd1 Qe2 37. Qg2 Bb4 38. Qxe2 Rxe2 39. Rc4 a5 40. a4 c5 41. Rd3 Re1 42. Kg2 cxd4 43. Bxd4 Re2+ 44. Kh3 Re8 45. Re3 Rxe3 46. Bxe3 Rd3 47. Bc5 Rxb3 48. f4 Kh7 49. Bxb4 axb4 50. Kh4 Rb2 51. h3 g6 52. Rc7 Kg7 53. Rb7 b3 54. Kg5 Ra2 55. f5 gxf5 56. Rxb3 Rxa4 1/2-1/2

[Event "Voronezh op-A"]
[Site "Voronezh"]
[Date "2008.06.13"]
[Round "2"]
[White "Demianjuk, Alexander"]
[Black "Rysbayeva, Nazerke"]
[Result "1-0"]
[WhiteElo "2317"]
[BlackElo "2119"]
[PlyCount "63"]
[EventDate "2008.06.12"]
[EventType "swiss"]
[EventRounds "9"]
[EventCountry "RUS"]
[SourceTitle "CBM 125 Extra"]
[Source "ChessBase"]
[SourceDate "2008.09.01"]
[SourceVersion "1"]
[SourceVersionDate "2008.09.01"]
[SourceQuality "1"]

1. d4 Nf6 2. c4 e6 3. Nf3 Bb4+ 4. Bd2 Bxd2+ 5. Qxd2 b6 6. g3 Bb7 7. Bg2 0-0 8. Nc3 d6 9. 0-0 Nbd7 10. Rfd1 Qe7 11. Qc2 c5 12. d5 exd5 13. Nh4 Rfe8 14. Nf5 Qf8 15. Nb5 Red8 16. Nbxd6 Ba6 17. Qa4 Nb8 18. Rxd5 g6 19. Nh6+ Kg7 20. Ndf5+ gxf5 21. Nxf5+ Kh8 22. Rxd8 Qxd8 23. Bxa8 Bc8 24. Rd1 Qc7 25. Qc2 Kg8 26. Qc3 Nbd7 27. Qe3 Qb8 28. Qg5+ Kf8 29. Qg7+ Ke8 30. Qh8+ Nf8 31. Rd8+ Kxd8 32. Qxf8+ 1-0

[Event "Dubna IM"]
[Site "Dubna"]
[Date "2007.08.07"]
[Round "9"]
[White "Gubaydulin, Talgat"]
[Black "Rysbayeva, Nazerke"]
[Result "1-0"]
[WhiteElo "2191"]
[BlackElo "2054"]
[PlyCount "51"]
[EventDate "2007.08.02"]
[EventType "tourn"]
[EventRounds "17"]
[EventCountry "RUS"]
[SourceTitle "CBM 119 Extra"]
[Source "ChessBase"]
[SourceDate "2007.09.04"]
[SourceVersion "1"]
[SourceVersionDate "2007.09.04"]
[SourceQuality "1"]

1. e4 c6 2. d4 d5 3. exd5 cxd5 4. c4 Nf6 5. Nc3 e6 6. Nf3 Be7 7. cxd5 Nxd5 8. Bd3 Nc6 9. 0-0 0-0 10. Re1 Bf6 11. Be4 Nce7 12. Qd3 g6 13. Bh6 Bg7 14. Bxg7 Kxg7 15. Rac1 Bd7 16. Bxd5 exd5 17. Ne5 a6 18. Nxd7 Qxd7 19. Re5 f6 20. Re2 Nc6 21. Na4 Qg4 22. Rce1 Nxd4 23. Re7+ Rf7 24. Nc5 Kf8 25. Qe3 Nc6 26. Qh6+ 1-0

[Event "Dubna IM"]
[Site "Dubna"]
[Date "2007.08.03"]
[Round "3"]
[White "Gorbatenko, Kateryna"]
[Black "Rysbayeva, Nazerke"]
[Result "0-1"]
[WhiteElo "2084"]
[BlackElo "2054"]
[PlyCount "60"]
[EventDate "2007.08.02"]
[EventType "tourn"]
[EventRounds "17"]
[EventCountry "RUS"]
[SourceTitle "CBM 119 Extra"]
[Source "ChessBase"]
[SourceDate "2007.09.04"]
[SourceVersion "1"]
[SourceVersionDate "2007.09.04"]
[SourceQuality "1"]

1. d4 d5 2. c4 dxc4 3. e3 Nf6 4. Nf3 e6 5. Bxc4 c5 6. Nc3 a6 7. a4 Nc6 8. 0-0 cxd4 9. exd4 Be7 10. Bg5 0-0 11. Ba2 Nb4 12. Bb1 b6 13. Ne5 Bb7 14. Re1 Nbd5 15. Qd3 g6 16. Qh3 Nh5 17. Bxe7 Qxe7 18. Qg4 Ndf4 19. g3 f5 20. Qd1 Nh3+ 21. Kf1 f4 22. g4 Qh4 23. Qd2 Ng3+ 24. hxg3 fxg3 25. f3 Bxf3 26. Nxf3 Rxf3+ 27. Kg2 Rf2+ 28. Qxf2 gxf2 29. Re4 Rf8 30. Ba2 f1Q+ 0-1

[Event "Dubna IM"]
[Site "Dubna"]
[Date "2007.08.02"]
[Round "1"]
[White "Truskavetsky, Alexandr"]
[Black "Rysbayeva, Nazerke"]
[Result "1-0"]
[WhiteElo "2392"]
[BlackElo "2054"]
[PlyCount "91"]
[EventDate "2007.08.02"]
[EventType "tourn"]
[EventRounds "17"]
[EventCountry "RUS"]
[SourceTitle "CBM 119 Extra"]
[Source "ChessBase"]
[SourceDate "2007.09.04"]
[SourceVersion "1"]
[SourceVersionDate "2007.09.04"]
[SourceQuality "1"]

1. a3 Nf6 2. Nf3 d6 3. c4 e5 4. d3 a5 5. Nc3 Be7 6. g3 0-0 7. Bg2 c6 8. 0-0 Nbd7 9. e4 Re8 10. Rb1 Bf8 11. b4 axb4 12. axb4 Nb6 13. Re1 Be6 14. h3 Qc7 15. Be3 Ra3 16. Qd2 Rea8 17. Rec1 Na4 18. Ne2 Qd7 19. Ng5 h6 20. Nxe6 fxe6 21. Qc2 d5 22. d4 exd4 23. Bxd4 Nxe4 24. Bxe4 dxe4 25. Qxe4 e5 26. Be3 Qd3 27. Qxd3 Rxd3 28. c5 Ra3 29. Rc2 Rd8 30. b5 cxb5 31. Rxb5 Rd7 32. Ra5 Rd1+ 33. Kg2 Rda1 34. Ra8 Kf7 35. Ra7 Ke6 36. Rxb7 R1a2 37. Rxa2 Rxa2 38. Nc1 Rc2 39. Nb3 Nxc5 40. Rc7 Kd5 41. Nxc5 Bxc5 42. Bxc5 Rxc5 43. Rxg7 Rc6 44. h4 Ke4 45. h5 Kf5 46. g4+ 1-0

[Event "Dmitrov"]
[Site "Dmitrov"]
[Date "2007.07.28"]
[Round "7"]
[White "Rysbayeva, Nazerke"]
[Black "Matveeva, Olga"]
[Result "1-0"]
[WhiteElo "2054"]
[BlackElo "2226"]
[PlyCount "135"]
[EventDate "2007.07.22"]
[EventType "tourn"]
[EventRounds "9"]
[EventCountry "RUS"]
[SourceTitle "EXT 2010"]
[Source "ChessBase"]
[SourceDate "2010.11.25"]
[SourceVersion "1"]
[SourceVersionDate "2010.11.25"]
[SourceQuality "1"]

1. e4 e5 2. Nf3 Nc6 3. d4 exd4 4. Nxd4 Nf6 5. Nc3 Bb4 6. Nxc6 bxc6 7. Bd3 0-0 8. 0-0 d5 9. exd5 cxd5 10. Bg5 Bb7 11. Qf3 Be7 12. Rad1 Rb8 13. Rfe1 d4 14. Ne4 Bxe4 15. Bxe4 Rxb2 16. Bd3 Rb6 17. Qh3 h6 18. Bh4 Nd5 19. Qf5 g6 20. Bxe7 Nxe7 21. Qf4 Kh7 22. Bc4 Nf5 23. Bd3 Qd6 24. Qf3 Ng7 25. h3 c5 26. Bc4 Qc7 27. Re2 Nf5 28. Rde1 Rd6 29. Bd3 Ng7 30. Re7 Qa5 31. h4 h5 32. R1e5 Qxa2 33. Rxc5 Re6 34. Rxe6 Qxe6 35. g3 Re8 36. Kg2 Re7 37. Rc6 Qe5 38. Rc4 Ne6 39. Rc8 Nc7 40. Rb8 Qd5 41. Qxd5 Nxd5 42. Rd8 Nb4 43. Rxd4 Nxd3 44. cxd3 Kg7 45. Kf3 Kf6 46. Ra4 Kf5 47. Ra5+ Kf6 48. Kf4 Rd7 49. Ra6+ Ke7 50. Ke4 Rb7 51. d4 f6 52. f3 Rd7 53. Ra5 Ke6 54. Ra6+ Kf7 55. d5 Ke7 56. g4 Kf7 57. gxh5 gxh5 58. f4 Kg6 59. f5+ Kf7 60. d6 Ke8 61. Kd5 Kf7 62. Kc6 Ke8 63. Ra2 Kd8 64. Kd5 Kc8 65. Ke6 Rb7 66. Rg2 Rd7 67. Rc2+ Kd8 68. Rb2 1-0

[Event "Izmailov Memorial op 11th"]
[Site "Tomsk"]
[Date "2007.??.??"]
[Round "1"]
[White "Oganisjan, Roman"]
[Black "Rysbayeva, Nazerke"]
[Result "1/2-1/2"]
[WhiteElo "2352"]
[BlackElo "2054"]
[PlyCount "56"]
[EventDate "2007.06.25"]
[EventType "swiss"]
[EventRounds "9"]
[EventCountry "RUS"]
[SourceTitle "EXT 2008"]
[Source "ChessBase"]
[SourceDate "2007.11.25"]
[SourceVersion "1"]
[SourceVersionDate "2007.11.25"]
[SourceQuality "1"]

1. e4 c6 2. d4 d5 3. e5 Bf5 4. Nd2 e6 5. Nb3 Nd7 6. f4 c5 7. dxc5 Rc8 8. c3 Bxc5 9. Nxc5 Nxc5 10. Bb5+ Nd7 11. Nf3 Ne7 12. 0-0 a6 13. Be2 Qb6+ 14. Kh1 0-0 15. Nd4 Be4 16. Bg4 Kh8 17. Qe2 Nc5 18. Rd1 Nc6 19. Nf3 Na4 20. Ng5 Bg6 21. Bh5 Ne7 22. Bxg6 hxg6 23. Qf3 Nf5 24. Rf1 Kg8 25. Qh3 Nh6 26. Nf3 Nc5 27. f5 Nxf5 28. g4 Nh6 1/2-1/2

[Event "Izmailov Memorial op 11th"]
[Site "Tomsk"]
[Date "2007.??.??"]
[Round "?"]
[White "Rysbayeva, Nazerke"]
[Black "Kazakov, Peter"]
[Result "1-0"]
[WhiteElo "2054"]
[BlackElo "2409"]
[PlyCount "53"]
[EventDate "2007.06.25"]
[EventType "swiss"]
[EventRounds "9"]
[EventCountry "RUS"]
[SourceTitle "EXT 2008"]
[Source "ChessBase"]
[SourceDate "2007.11.25"]
[SourceVersion "1"]
[SourceVersionDate "2007.11.25"]
[SourceQuality "1"]

1. e4 d5 2. exd5 Nf6 3. d4 Nxd5 4. c4 Nb6 5. Nf3 g6 6. c5 Nd5 7. Bc4 Bg7 8. Qb3 c6 9. Nc3 0-0 10. Bxd5 cxd5 11. Qxd5 Nc6 12. Be3 Bg4 13. Rd1 Bxf3 14. Qxf3 Nxd4 15. Bxd4 Bxd4 16. 0-0 e5 17. Qxb7 Rb8 18. Qxa7 Rxb2 19. Qa3 Qb8 20. Nd5 Qb5 21. c6 Kg7 22. c7 Rc8 23. Qd6 Rc2 24. Qf6+ Kh6 25. Ne7 Qd7 26. Nxc8 Qxc8 27. Rd3 1-0

[Event "Izmailov Memorial op 11th"]
[Site "Tomsk"]
[Date "2007.??.??"]
[Round "?"]
[White "Shevtchenko, Olesya"]
[Black "Rysbayeva, Nazerke"]
[Result "1/2-1/2"]
[WhiteElo "2168"]
[BlackElo "2054"]
[PlyCount "57"]
[EventDate "2007.06.25"]
[EventType "swiss"]
[EventRounds "9"]
[EventCountry "RUS"]
[SourceTitle "EXT 2008"]
[Source "ChessBase"]
[SourceDate "2007.11.25"]
[SourceVersion "1"]
[SourceVersionDate "2007.11.25"]
[SourceQuality "1"]

1. Nf3 Nf6 2. c4 c5 3. d4 cxd4 4. Nxd4 Nc6 5. g3 g6 6. Bg2 Bg7 7. 0-0 0-0 8. e3 Qb6 9. Nc3 d6 10. Na4 Qc7 11. b3 Bg4 12. Qd2 Rad8 13. Bb2 Nxd4 14. Bxd4 b6 15. Rac1 Qd7 16. Rfe1 Bh3 17. Bh1 h5 18. Qb2 h4 19. e4 hxg3 20. hxg3 Nh5 21. Bxg7 Nxg7 22. Nc3 Rfe8 23. Nd5 Nh5 24. Bf3 Bg4 25. Bg2 Bh3 26. Bf3 Bg4 27. Bh1 Bh3 28. Bf3 Bg4 29. Bg2 1/2-1/2

[Event "Wch U16 Girls"]
[Site "Belfort"]
[Date "2005.07.28"]
[Round "11"]
[White "Foisor, Sabina Francesca"]
[Black "Rysbayeva, Nazerke"]
[Result "1-0"]
[WhiteElo "2230"]
[BlackElo "1599"]
[PlyCount "67"]
[EventDate "2005.07.19"]
[EventType "swiss"]
[EventRounds "11"]
[EventCountry "FRA"]
[SourceTitle "CBM 107 Extra"]
[Source "ChessBase"]
[SourceDate "2005.09.01"]
[SourceVersion "1"]
[SourceVersionDate "2005.09.01"]
[SourceQuality "1"]

1. Nf3 d5 2. g3 Bg4 3. Bg2 Nf6 4. 0-0 Nbd7 5. d3 e5 6. Nbd2 Be7 7. Qe1 c6 8. e4 Qc7 9. h3 Bh5 10. Nh4 dxe4 11. dxe4 0-0 12. f4 exf4 13. gxf4 Rfe8 14. Kh1 Bf8 15. Qg3 Be2 16. Rf2 Ba6 17. e5 Nd5 18. Ne4 f6 19. Nf5 Kh8 20. Ned6 g6 21. Nxe8 Rxe8 22. Ne3 N7b6 23. Bd2 Bg7 24. Bc3 Na4 25. exf6 Bxf6 26. Bxf6+ Nxf6 27. Ng4 Nxg4 28. Qxg4 Nxb2 29. f5 Qg7 30. f6 Qf7 31. Qb4 Nc4 32. Re1 Ne3 33. Qc3 Nxg2 34. Rxe8+ 1-0

[Event "Wch U16 Girls"]
[Site "Belfort"]
[Date "2005.07.27"]
[Round "10"]
[White "Rysbayeva, Nazerke"]
[Black "Harika, Dronavalli"]
[Result "0-1"]
[WhiteElo "1599"]
[BlackElo "2396"]
[PlyCount "68"]
[EventDate "2005.07.19"]
[EventType "swiss"]
[EventRounds "11"]
[EventCountry "FRA"]
[SourceTitle "CBM 107 Extra"]
[Source "ChessBase"]
[SourceDate "2005.09.01"]
[SourceVersion "1"]
[SourceVersionDate "2005.09.01"]
[SourceQuality "1"]

1. e4 c5 2. Nf3 Nc6 3. c3 Nf6 4. e5 Nd5 5. d4 cxd4 6. Bc4 Nb6 7. Bb3 d5 8. exd6 Qxd6 9. 0-0 Be6 10. Na3 dxc3 11. Qe2 Bxb3 12. Nb5 Qb8 13. axb3 e5 14. Nbd4 Nxd4 15. Nxd4 f6 16. bxc3 Kf7 17. Nf5 g6 18. Ng3 Be7 19. f4 exf4 20. Bxf4 Qc8 21. c4 Re8 22. Qf3 Qc6 23. Qg4 a6 24. Bh6 Nd7 25. Rad1 Rad8 26. Kh1 Nc5 27. Qe2 Rxd1 28. Qxd1 Qd7 29. Qc2 Qd6 30. Ne4 f5 31. Bg5 Ke6 32. Bxe7 fxe4 33. Bg5 Nd7 34. Be3 Rf8 0-1